[Event "Accession Meyreuil 03/04"]
[Site "?"]
[Date "2004.02.07"]
[Round "7"]
[White "Mamert, Robert"]
[Black "Parroco, Pierre-Jean"]
[Result "1-0"]
[WhiteElo "1700"]
[BlackElo "1700"]
[PlyCount "57"]

1. d4 Nf6 2. c4 e6 3. g3 d5 4. Nf3 Be7 5. Bg2 O-O 6.
O-O Nbd7 7. b3 b6 8. cxd5 exd5 (8... Nxd5 9. Bb2 Bb7 10. Nc3 c5 11. Nxd5 Bxd5
12. Qd2 Rc8 13. dxc5 {1/2-1/2 Petrosian,T-Spassky,B/Bugojno 1982/MCD (13)}) 9.
Ne5 {9.Nc3 Re8 =} 9... Bb7 10. Bb2 Re8 11. Nd2 Bd6 12. Ndc4 12... dxc4 $6 {
>= 12...Bf8!? = est digne de consideration} 13. Bxb7 $16 {
(Avec la menace decisive Nc6)} 13... Nxe5 14. Bxa8 Qxa8 15. dxe5 Bxe5 16. Bxe5
Rxe5 17. bxc4 Qe8 18. e3 18... Qe6 $6 {18...Ne4 19.Qd3 +/-} 19. Qd8+ $18
19... Ne8 20. Qd4 {20.Rac1!? Kf8 21.Qa8 Ra5 22.Rc2 +-} 20... Nd6 21. Rac1 {
les Blancs preparent c5} 21... Re4 {>= 21...Rc5!? 22.Rfd1 +/-} 22. Qd5 $18
22... Qh3 $2 (22... Qe8 $142 {mais la position noire reste difficile} 23. c5
Re5 24. Qd4 Nb5 25. Qb4 c6 (25... a5 26. Qd2 $18) 26. Rfd1 Qe7 27. Qb2 Rxc5 28.
Rxc5 bxc5 29. Qe5 Qf8 30. a4 $18) 23. c5 bxc5 24. Rxc5 ({mais pas} 24. Qxc5 $6
24... Rh4 25. Rfd1 (25. gxh4 Qg4+ 26. Kh1 Qf3+ 27. Kg1 27... Qg4+ $11) 25...
Rh6 26. Qb4 $18) 24... g6 {sur 24...Qe6 25.Qxe6 Rxe6 26.Rxc7 +-} 25. Rxc7 Re6
26. Rc6 {>= 26.Rd7 Ne8 27.Rxa7 +-} 26... Nf5 27. Rxe6 fxe6 28. Qxe6+ Kg7 29.
e4 {gagne le N et la partie} 1-0

[Event "Accession Meyreuil 03/04"]
[Site "?"]
[Date "2004.02.07"]
[Round "7"]
[White "Corrias, Robert"]
[Black "Derien, Robert"]
[Result "0-1"]
[WhiteElo "1780"]
[BlackElo "1710"]
[PlyCount "58"]

1. e4 d5 2. exd5 Qxd5 3. Nc3 Qa5 4. d4 Nf6 5. Bd3 c6
6. Nge2 Bg4 7. f3 7... Bf5 $4 {7...Bh5 8.0-0 +/=} 8. O-O $4 {
les Blancs gagnaient une piece ! 8.b4 Qd8 9.Bxf5 e6 10.Bd3 +-} 8... Nbd7 $4 {
8...Bxd3 9.Qxd3 e6 10.Ne4 +/=} 9. Ne4 $4 {
laisse passer la 2eme chance >= 9.b4 Qxb4 10.Bxf5 +-} 9... e6 10. c4 {
10.Bd2 Qb6 11.Nxf6+ Nxf6 12.Bxf5 exf5 13.Bg5 Be7 14.Ng3 +/=} 10... Nxe4 {
10...Bxe4 11.Bxe4 e5 12.Bf5 =} 11. fxe4 $14 11... Bg6 12. Nf4 Be7 13. Qf3 O-O
14. Be3 14... h6 $2 {>= 14...Bg5!? 15.Qg3 Bxf4 16.Bxf4 e5 =} 15. Nxg6 $18
15... fxg6 16. Qg4 Rxf1+ 17. Rxf1 Nf8 18. e5 Bg5 19. Bxg5 hxg5 20. Qxg5 20...
Qd8 {>= 20...Qb6 21.Qf4 Qxb2 22.Rb1 +-} 21. Qe3 Qb6 22. b3 Rd8 23. c5 Qb4 24.
Bc4 b5 25. cxb6 axb6 26. Rd1 c5 27. d5 27... b5 {#} 28. Be2 $4 (28. Bf1 $142
28... c4 (28... Rxd5 29. Rxd5 exd5 30. e6 Nh7 31. e7 Nf6 32. e8=Q+ Nxe8 33.
Qxe8+ Kh7 34. Qxb5 $18) 29. bxc4 bxc4 30. d6 c3 31. Rc1 Rc8 32. a4 c2 33. Bb5
33... Qb2 {(/\...Rc5)} (33... Rc5 34. d7 Rd5 35. Rxc2 Rd1+ 36. Kf2 Nxd7 37.
Rc8+ Nf8 38. Bc4 Rd2+ 39. Kg3 Rxg2+ 40. Kh3 Rc2 41. Bxe6+ Kh7 42. Rxc2 42...
Nxe6 $18) 34. Qd2 Qxe5 35. d7 Rd8 36. Qxc2 Qe3+ 37. Kh1 Nxd7 38. Qc7 Nf8 39.
Rf1 39... Qg5 $16) 28... Rxd5 $14 29. Rxd5 $4 {
cree de grosses difficultes >= 29.Kf1 Rxd1 30.Bxd1 +/=} 29... Qe1+ $19 (29...
Qe1+ 30. Bf1 Qxe3+ 31. Kh1 31... exd5 $19) 0-1

[Event "Accession Meyreuil 03/04"]
[Site "?"]
[Date "2004.02.07"]
[Round "7"]
[White "Thomet, Yannick"]
[Black "Colandrea, Sauveur"]
[Result "0-1"]
[WhiteElo "1930"]
[BlackElo "1890"]
[PlyCount "53"]

1. d4 Nf6 2. e3 d6 3. Bd3
e5 4. Nd2 Nc6 5. c3 5... Qe7 {5...d5 6.Bb5 e4 7.Ne2 =/+} 6. Ne2 6... e4 {
6...d5 7.0-0 =} 7. Bb1 d5 8. f3 {>= 8.c4 dxc4 9.Ng3 Bg4 10.Qa4 Qb4 11.Qc2
Be6 12.0-0 = et les Blancs recuperent le P} 8... Nh5 $2 {
>= 8...exf3 est meilleur 9.Nxf3 Bd7 10.0-0 0-0-0 =} 9. fxe4 $16 9... Qg5 $6 {
9...dxe4 10.Bxe4 Nf6 11.Bxc6+ bxc6 12.Nf3 +/-} 10. O-O $16 10... Qxe3+ 11.
Kh1 Qg5 12. Nf3 Qd8 13. e5 {
13.Ng5 f5 14.Bc2 Nf6 15.exf6 h6 16.Ne6 Bxe6 17.fxe6 +-} 13... Be7 $16 14.
Neg1 h6 15. Nh4 Bxh4 16. Qxh5 Be6 17. Nh3 Qe7 18. Nf4 18... g6 {
>= 18...0-0-0 +/-} 19. Nxg6 $4 {les Blancs manquent le coche} (19. Qf3 $142
19... O-O-O 20. Bxg6 fxg6 21. Nxg6 Qg7 22. Nxh4 Rdf8 23. Bf4 $18 {
avec 2P de plus pour les Blancs}) 19... fxg6 $11 20. Bxg6+ Kd7 21. Bf5 {
>= 21.Bxh6!? Rag8 22.g3 Bg5 23.Qxg5 Qxg5 24.Bxg5 Rxg6 25.Bf6 =} 21... Bxf5
$15 22. Rxf5 Raf8 23. Be3 {23.Rxf8!? Qxf8 24.Qg4+ Ke8 25.Be3 Bg5 26.Bxg5 hxg5
27.Qxg5 =/+ et les Blancs ont 3P pour la piece} 23... Bg5 $17 24. Rxf8 Rxf8
25. Qg4+ Qe6 26. Qg3 Qf5 27. Bxg5 $4 {un oubli} (27. Rg1 $142 27... Nd8 28.
Bxg5 28... hxg5 $19) (27. Bxg5 $4 27... Qf1+ 28. Rxf1 Rxf1#) 0-1

[Event "Accession Meyreuil 03/04"]
[Site "?"]
[Date "2004.03.23"]
[Round "8"]
[White "Tchifteyan, Philippe"]
[Black "Colandrea, Sauveur"]
[Result "1-0"]
[WhiteElo "1710"]
[BlackElo "1890"]
[PlyCount "67"]

1. e4 c6 2. c4 d5 3. e5 Bf5 4. d4
e6 5. Nc3 Nd7 6. cxd5 cxd5 7. Qa4 (7. Nf3 Ne7 8. Bg5 a6 9. Bd3 (9. Nh4 Bg6 10.
Be2 Qb6 11. Qd2 Nc6 12. Rd1 Rc8 13. O-O Be7 14. Bxe7 Nxe7 15. Nxg6 hxg6 16. Na4
Qa7 17. Rc1 O-O 18. b4 b6 19. b5 axb5 20. Bxb5 Nb8 21. Rb1 Qa5 22. Rfd1 Nbc6
23. h3 23... Nf5 {1/2-1/2 Unzicker,W-Golombek,H/Munich 1954/EXT 99 (23)}) 9...
Bxd3 10. Qxd3 h6 11. Bxe7 Bxe7 12. O-O O-O 13. Nd2 Qb6 14. f4 Rac8 15. Rab1 f5
16. exf6 Bxf6 17. Nf3 Rc4 18. Ne2 Rfc8 19. Kh1 Qb5 20. Nc3 Qb6 21. Ne2 Qb5 22.
Nc3 Qb6 23. Ne2 23... Qb5 {1/2-1/2 Baljon,C-Timman,J/Leeuwarden 1979/MCD (23)})
7... a6 {controle b5} 8. b4 {8.Qb3 Qb6 9.Qxb6 Nxb6 =} 8... b5 9. Qb3 9... Rb8
{9...Ne7 10.Be3 Nc6 =/+} 10. a4 bxa4 11. Rxa4 Qb6 12. b5 ({Pas} 12. Rxa6 $2
12... Qxd4 13. Nf3 Qxb4 14. Qxb4 Bxb4 (14... Rxb4 $143 $2 15. Bb5 Bc5 16. Ba3
$16) 15. Bd2 $17) (12. Bxa6 $6 12... Bxb4 13. Nge2 13... Ne7 $11) 12... a5 $11
13. Ba3 Ne7 14. Qa2 Bg6 15. Nf3 15... h5 {15...Bh5 16.Nd2 +/=} 16. Be2 16...
Nf5 {16...Rc8 17.Qd2 +/=} 17. Bxf8 $16 17... Kxf8 18. O-O {
Le pion isole en a5 devient une cible 18.Rxa5? Nxd4 19.Nxd4 Qxd4 =/+} 18...
Kg8 19. Qd2 {toujours pas 19.Rxa5? Nxd4 20.Nxd4 Qxd4 =/+} 19... Kf8 {
>= 19...h4!? 20.Rfa1 Bh5 +/- et les Noirs ont une pression sur le Pd4} 20.
Rfa1 $18 20... Ra8 21. Na2 21... Rb8 {>= 21...h4 (bis) 22.Nb4 Bh5 +- } 22.
Rxa5 22... Qb7 {22...Rc8 +-} 23. Nb4 Nb6 24. Ra7 Qc8 25. Nc6 Ra8 26. Rxa8
Nxa8 27. Qa5 27... Nc7 {#} 28. b6 (28. Qxc7 $142 $1 28... Qe8 (28... Qxc7 $4
29. Ra8+ Qb8 30. Rxb8#) 29. b6 $18) 28... Ne8 29. Qa8 Qxa8 30. Rxa8 Ne7 31. Bb5
Bd3 32. Ba4 (32. b7 g5 33. Rxe8+ Kg7 (33... Kxe8 34. b8=Q+ Kd7 35. Qb7+ Ke8 36.
Qxe7#) 34. b8=Q $18) 32... Nxc6 33. Bxc6 Ke7 34. b7 1-0

[Event "Accession Meyreuil 03/04"]
[Site "?"]
[Date "2004.03.21"]
[Round "8"]
[White "Blondelon, Alain"]
[Black "Thomet, Yannick"]
[Result "0-1"]
[WhiteElo "1630"]
[BlackElo "1860"]
[PlyCount "62"]

1. d4 f5 2. Nf3 Nf6 3. Nbd2 (3. h3 g6 4. Bf4 Bg7 5.
e3 d6 6. Nbd2 Nc6 7. c3 O-O 8. Qb3+ Kh8 9. O-O-O Qe8 10. d5 Na5 11. Qa3 b6 12.
Nb3 Ne4 13. Bg3 Nxg3 14. fxg3 e6 15. Nxa5 bxa5 16. Qxa5 c6 17. dxc6 17... Qxc6
{Hodgson,J-Gurevich,M/Haifa 1989/EU-chT/0-1 (39)}) 3... e6 4. e3 Be7 5. Be2
$146 5... O-O 6. O-O b6 7. b3 Bb7 8. Bb2 Qe8 9. Ne5 d6 10. Nef3 Nbd7 11. c4 Qg6
12. Re1 Ng4 13. Bf1 Rf7 14. Qe2 {14.Bd3 Be4 15.Qc2 d5 =} 14... Raf8 {
les Noirs preparent ...f4} 15. h3 Ngf6 16. Nh2 Ne4 17. Ndf3 17... f4 {
17...Ndf6 18.Qc2 =/+} 18. exf4 {18.Qc2 d5 =} 18... Rxf4 $15 19. Bc1 R4f7
20. Qd3 (20. Qe3 c5 21. Bd3 cxd4 22. Qxd4 Ndc5 (22... Bf6 $6 23. Bxe4 Bxe4 24.
Qxe4 Qxe4 25. Rxe4 Bxa1 26. Rxe6 Be5 27. Ba3 Nc5 28. Nxe5 28... Nxe6 $15) 23.
Qe3 (23. Bxe4 $2 23... Bxe4 24. Rxe4 24... Nxe4 $19) 23... Nxd3 24. Qxd3 $17)
20... e5 {20...c5 21.d5 exd5 22.cxd5 Bf6 23.Rb1 Re7 -/+} 21. d5 $15 {
Les blancs gagne de l'espace} 21... Ndc5 22. Qe3 22... h6 $4 {laisse l'adversai
re revenir dans la partie >= 22...Nxf2 23.Qxf2 e4 24.b4 Na6 25.Bb2 exf3 26.
Re6 -/+} 23. b4 $16 23... Ng5 24. bxc5 $4 {>= 24.Nxg5 Bxg5 25.Qg3 +/=} 24...
Nxf3+ $17 25. Nxf3 Rxf3 26. Qe2 $2 {>= 26.Qe4 Qxe4 27.Rxe4 Rxf2 28.Be3 -/+}
26... Rxf2 $19 27. Qd3 {27.Qg4 Qxg4 28.hxg4 bxc5 29.Be3 -+} 27... Rxf1+ $1 {
sur le theme de la surcharge de la dame blanche} 28. Qxf1 Rxf1+ 29. Rxf1 Qd3
30. cxb6 30... cxb6 {30...Qd4+!? 31.Be3 Qxe3+ 32.Kh2 axb6 33.Rab1 -+} 31. Rf3
{31.Bb2 ne fait que retarder l'inevitable Qxc4 32.Rad1 -+} 31... Qd4+ (31...
Qd4+ 32. Be3 Qxa1+ 33. Kh2 33... Qxa2 $19) 0-1

[Event "Accession Meyreuil 03/04"]
[Site "?"]
[Date "2004.03.21"]
[Round "8"]
[White "Derien, Robert"]
[Black "Fabet, Olivier"]
[Result "0-1"]
[WhiteElo "1750"]
[BlackElo "1760"]
[PlyCount "52"]

1. e4 e5 2. Nf3 Nc6 3. Bc4 Nf6 4. Nc3 4...
Bb4 {mieux : 4...Bc5 ou 4...Nxe4 suivant les gouts} 5. Qe2 Bxc3 6. bxc3 d6 7.
h3 Na5 8. Bb3 Bd7 9. d4 Nxb3 10. axb3 Qe7 11. Ba3 exd4 12. e5 Nd5 13. cxd4
13... Nf4 $2 {>= 13...Nc3 14.Qe3 Nb5 15.Bb4 Nxd4 16.Qxd4 c5 +/-} 14. Qf1 $4 {
relache la pression >= 14.Qe4 Ne6 15.Qxb7 +-} 14... Bc6 $17 15. c4 Be4 16.
O-O-O {Les Blancs n'ont pas peur de roquer !} 16... O-O 17. Ne1 {
17.exd6 cxd6 18.Re1 f5 19.Nd2 Qg5 -/+} 17... Qg5 {17...a5!? 18.f3 Bg6 19.g3
Nh5 20.Rg1 a4 -+ et le K blanc va sentir les courants d'air !} 18. Kb2 $17
18... Rfe8 {18...Nxg2? ne mene a rien 19.Rg1 Rfe8 20.f3 +-} 19. f3 {
19.h4!? Qh6 20.f3 Bc6 -/+} 19... Bg6 20. g4 Qh4 21. Ng2 Nxg2 22. Qxg2 dxe5
23. dxe5 Rxe5 24. Qd2 Qf6 25. Kc1 $2 {
#
25.Ka2 Qxf3 26.Bb2 Re2 27.Qd8+ Re8 28.Qd4 f6 -+} 25... Re2 $3 {25...Qxf3?
! est moins bon 26.Bb2 Qxb3 27.Qc3 Qxc3+ 28.Bxc3 -+ avec 3P d'avance pour les
Noirs} 26. Qxe2 $4 {26.Bb2 Rxd2 27.Bxf6 Rc2+ 28.Kb1 gxf6 29.Ka1 -+ et les
Noirs ont une piece d'avance} 26... Qc3+ (26... Qc3+ 27. Qc2 Qxc2#) 0-1

[Event "Accession Meyreuil 03/04"]
[Site "?"]
[Date "2004.03.20"]
[Round "8"]
[White "Parroco, Pierre-Jean"]
[Black "Corrias, Robert"]
[Result "0-1"]
[WhiteElo "1700"]
[BlackElo "1740"]
[PlyCount "42"]

1. e4 Nc6 2. d4 d5 3. e5 f6 4. f4 Bf5
5. Nf3 e6 6. Bd3 (6. c3 Nh6 7. Bb5 Qd7 8. Nbd2 a6 9. Ba4 Be7 10. Nf1 b5 11. Bc2
Bxc2 12. Qxc2 f5 13. Ne3 O-O 14. Bd2 Na5 15. O-O c5 16. dxc5 Bxc5 17. b4 Bxe3+
18. Bxe3 Nc4 19. Bc5 Rfc8 20. a4 Nf7 21. Rf2 a5 22. axb5 axb4 23. Rxa8 Rxa8 24.
cxb4 Qxb5 25. Qb1 Qa4 26. Nd4 Nd8 27. h3 g6 28. Kh2 Kf7 29. Qd3 Qa3 30. Nb3 Nb7
31. Qg3 Kg8 32. Be7 Re8 33. Qg5 Qxb3 34. Qf6 Nd8 35. Rf3 Ne3 36. Bxd8 d4 37.
Be7 Qc4 38. b5 Qc8 39. b6 Nd5 40. b7 40... Qd7 {
0-1 Ozanic,M-Larsen,B/Vinkovci 1970/MCL (40)}) 6... Bxd3 7. Qxd3 Nh6 8. O-O Be7
9. exf6 Bxf6 (9... gxf6 10. Qb5 a6 11. Qe2 $11 (11. Qxb7 $4 {
ce pion est mortel pour les blancs} 11... Na5 12. Qxa8 12... Qxa8 $19)) 10. Ne5
O-O 11. c3 Bxe5 12. fxe5 Rxf1+ 13. Qxf1 Qh4 14. Bxh6 Qxh6 15. Qe2 $4 {
>= 15.Qe1 =} 15... Qc1+ $19 16. Kf2 {
16.Qf1 Qxb2 17.Nd2 Qxd2 18.Qe1 Qxe1+ 19.Rxe1 -+} 16... Rf8+ 17. Kg3 17... Ne7
$6 {17...Qf4+ finit le travail 18.Kh3 Qh6+ 19.Kg3 Ne7 20.h4 (20.Nd2 Nf5+ 21.
Kf2 Nxd4+ -+ gagne la Q) 20...Nf5+ 21.Kh2 Qxh4+ 22.Kg1 Ng3 -+ et le mat suit}
18. Qd2 Qf1 19. b4 19... Ng6 {
19...Rf3+! 20.gxf3 Nf5+ 21.Kg4 h5+ 22.Kxh5 Qh3+ 23.Kg6 Ne3 24.Qxe3 Qf5#} 20.
a4 Rf4 (20... h5 21. h4 Qh1 22. Qg5 Qe1+ 23. Kh2 Rf1 24. Qd8+ Kh7 25. Qh8+ Kxh8
26. g3 Qf2+ 27. Kh3 Rh1#) 21. Qb2 Qd3# 0-1

[Event "Accession Meyreuil 03/04"]
[Site "?"]
[Date "2004.03.21"]
[Round "8"]
[White "Hernandez, Jean-Pierre"]
[Black "Mamert, Robert"]
[Result "0-1"]
[WhiteElo "1680"]
[BlackElo "1700"]
[PlyCount "114"]

1. d4 Nf6 2. Nf3 d5 3. Bf4 c6 4. e3 Bf5 5. Bd3 e6 6.
Bxf5 exf5 7. h3 Qb6 8. b3 Nbd7 9. O-O Ne4 10. c3 {10.c4 Be7 +/=} 10... h6 {
>= 10...Qd8 =} 11. Nh4 $4 {les Blancs gaffent >= 11.Ne5 +/=} 11... g5 12.
Bxg5 (12. f3 Nef6 (12... gxh4 $2 13. fxe4 fxe4 14. Qh5 $11) 13. Bxg5 hxg5 14.
Nxf5 14... Nh5 $19) 12... hxg5 $19 13. Nxf5 Qc7 14. f4 {
14.c4 dxc4 15.bxc4 0-0-0 -+} 14... O-O-O 15. fxg5 Ng3 16. Rf3 $2 {
16.Nxg3 Qxg3 17.Rf3 Qxg5 18.Qc2 -+} 16... Nxf5 17. Rxf5 {
#
apres tout, les Blancs ont 3P pour la piece...} 17... Rxh3 $3 {
la pointe qui a echappe aux Blancs} 18. Rf3 {le mieux} (18. gxh3 $6 18... Qg3+
19. Kf1 Qxh3+ 20. Ke2 20... Qxf5 $19) 18... Qh2+ 19. Kf2 Rh5 20. Qg1 20...
Qxg1+ {Fritz prefere 20...Qh4+!? 21.Ke2 Rxg5 -+} 21. Kxg1 Rxg5 22. Nd2 Bh6
23. Nf1 Rdg8 24. g3 f5 25. Kg2 Nf6 26. c4 dxc4 27. bxc4 Ne4 28. Rd1 Bf8 29. a4
Bd6 30. c5 Bxg3 31. Nxg3 Rxg3+ (31... Nxg3 $5 {semble meme mieux} 32. Kf2 Ne4+
33. Ke2 Nc3+ 34. Kd2 Nxd1 35. Kxd1 $19) 32. Rxg3 Rxg3+ 33. Kh2 Rxe3 34. Rg1
34... Nc3 {>= 34...f4!? -+} 35. Rg8+ Kd7 36. Rg7+ Re7 37. Rg8 Rf7 38. Kg2 Ne2
39. Rb8 Kc7 40. Re8 Nxd4 41. a5 a6 42. Kf2 Nb3 43. Re3 Nxc5 44. Kf3 Kd6 45. Kf4
Ne6+ 46. Kf3 c5 47. Rd3+ Ke5 48. Re3+ Kf6 49. Rc3 Rh7 50. Kg2 Rh4 51. Kg3 Rg4+
52. Kh3 c4 53. Ra3 53... Nc5 {53...Ng5+ suivi de ...f4 -+} 54. Ra2 c3 55. Rc2
Ne4 56. Rc1 Ke5 57. Rc2 Kd4 0-1

[Event "Accession Meyreuil 03/04"]
[Site "?"]
[Date "2004.03.27"]
[Round "9"]
[White "Mamert, Robert"]
[Black "Tchifteyan, Philippe"]
[Result "1/2-1/2"]
[WhiteElo "1700"]
[BlackElo "1710"]
[PlyCount "41"]

1. d4 d5 2. c4 c6 3. Nf3 Nf6 4. g3 e6 5. Bg2 Nbd7 6.
Qc2 Be7 7. O-O O-O 8. Nbd2 b6 9. e4 dxe4 10. Nxe4 Nxe4 11. Qxe4 Bb7 12. Rd1 Nf6
13. Qe2 Qc7 14. Bf4 Bd6 15. Ne5 Nd7 16. c5 Bxe5 17. Bxe5 Nxe5 18. Qxe5 Qd7 19.
a4 $14 19... Rfd8 (19... Rad8 20. Rac1 Rc8 21. b4 Rfd8 22. cxb6 axb6 23. a5
bxa5 24. bxa5 Ba6 25. Rc5 h6 26. h4 Qb7 27. Rdc1 Bb5 28. g4 Qd7 29. g5 hxg5 30.
hxg5 Rb8 31. Ra1 Qxd4 32. Qxd4 Rxd4 33. a6 Rg4 34. a7 Ra8 35. Kh2 f5 36. Bf3
Rh4+ 37. Kg3 Rb4 38. Rxb5 Rxa7 39. Rxa7 cxb5 40. g6 40... Kf8 {
1-0 Ljubojevic,L-Lucena,L/Brasilia 1981/MCD (40)}) 20. b4 Rab8 21. Rac1 1/2-1/2

[Event "Accession Meyreuil 03/04"]
[Site "?"]
[Date "2004.03.27"]
[Round "9"]
[White "Corrias, Robert"]
[Black "Hernandez, Jean-Pierre"]
[Result "0-1"]
[WhiteElo "1780"]
[BlackElo "1680"]
[PlyCount "60"]

1. b4 1... b5 {jouant a malin, malin et demi} (
1... d5 {c'est quand meme mieux de prendre le centre, non ?} 2. Bb2 Bg4 3. Nf3
Nd7 4. e3 Ngf6 5. Be2 c6 6. O-O e6 7. a3 7... Bd6 $11) 2. Bb2 Nf6 3. Nf3 e6 4.
g3 {4.e3 Bxb4 5.Bxb5 a6 =} 4... Bb7 {4...Bxb4 5.e3 a6 -/+} 5. Bg2 {
5.a3 a5 =/+} 5... Nc6 {>= 5...Bxb4!? 6.a3 Bc5 -/+} 6. a3 Rb8 7. O-O 7... g6
{7...a5 8.a4 Nxb4 9.axb5 Bxf3 10.Bxf3 Rxb5 11.c4 +/=} 8. e4 d6 9. d3 Bg7 10.
Nbd2 O-O 11. Rb1 a6 12. Re1 e5 13. Nb3 Nd7 14. d4 exd4 15. Nbxd4 Nce5 16. Nd2
Nb6 17. Bf1 {17.N4b3 Na4 18.Ba1 Nc6 +/=} 17... Re8 18. c3 {18.N4b3 Bf6 =}
18... d5 {18...Nec4 19.Nxc4 Nxc4 20.Bxc4 bxc4 21.f3 d5 -/+} 19. f4 Nec4 20.
e5 {Les Blancs gagnent de l'espace} 20... Na4 21. Qc2 $2 {
>= 21.Nxc4!? dxc4 22.Bg2 =/+} 21... Naxb2 $17 22. Rxb2 22... Nxa3 {
>= 22...Nxb2!? 23.Qxb2 f6 -/+} 23. Qd3 Nc4 24. Ra2 Qd7 25. N2b3 25... Nd6 {
>= 25...Bf8!? =} 26. Nc5 $16 26... Qc8 27. Bg2 Ne4 28. Bxe4 dxe4 29. Nxe4 Bd5
30. Nc5 $4 {>= 30.Raa1 +/=} 30... Bxa2 $19 (30... Bxa2 31. Qf3 31... Rb6 $19)
0-1

[Event "Accession Meyreuil 03/04"]
[Site "?"]
[Date "2004.03.27"]
[Round "9"]
[White "Fabet, Olivier"]
[Black "Parroco, Pierre-Jean"]
[Result "1/2-1/2"]
[WhiteElo "1760"]
[BlackElo "1700"]
[PlyCount "74"]

1. e4 e6 2. Bc4 d5 3. exd5 exd5
4. Bb3 c5 5. d4 5... c4 {les Noirs gagnent de l'espace} 6. Ba4+ Bd7 7. Bxd7+
Nxd7 8. Nf3 Ngf6 9. O-O Be7 10. Bg5 O-O 11. Nc3 11... a6 {
controle b5 11...Qa5 12.Ne5 Rfe8 13.a3 =} 12. Ne5 12... Qc7 {
12...Re8 13.Re1 h6 =} 13. Qf3 {13.Re1!? est interessant} 13... Nxe5 $11 14.
dxe5 Qxe5 15. Bxf6 Bxf6 16. Rfe1 Qg5 17. Nxd5 17... b5 {17...Bxb2!? doit etre
considere 18.Rab1 c3 19.Nxc3 Bxc3 20.Qxc3 Rac8 21.Qb3 b5 =} 18. Nxf6+ $14
18... Qxf6 19. Qxf6 gxf6 20. Rad1 Rad8 21. Kf1 Rxd1 22. Rxd1 Re8 23. Rd6 Re6
24. Rxe6 {Fritz prefere 24.Rd4 Kg7 +/=} 24... fxe6 $11 {Difficile d'etre
d'accord avec Fritz. Les Blancs ont l'avantage et les Noirs doivent jouer tres
precisemment pour annuler. Mais c'est au dela de l'horizon de calcul de Fritz}
25. Ke2 Kf7 26. Ke3 {#} 26... e5 $2 {ce coup n'est pas tres heureux : il cree
un trou en f5 et donne des cases au K blanc pour s'infiltrer} (26... Ke7 {
est plus resistant bien que les Blancs semblent gagnants} 27. g4 $1 (27. Ke4
27... h5 $1 {l'idee des Noirs est de conserver le mur des cases d5, e5, f5 et
g5 controlees par les pions e6 et f6} (27... Kd6 28. g4 a5 29. h4 h6 30. h5 a4
31. f4 Kc5 32. g5 fxg5 33. fxg5 $18) 28. h4 Kd6 29. Kf4 (29. Kd4 e5+ 30. Ke4
Ke6 31. g3 31... f5+ $15) 29... Ke7 30. g4 hxg4 31. Kxg4 Kf7 32. Kh5 Kg7 33. a3
33... Kh7 $11) (27. Kd4 $5 27... Kd6 {force} 28. g4 $1 28... e5+ 29. Ke4 Ke6
30. h4 a5 31. c3 b4 32. f3 bxc3 33. bxc3 a4 34. h5 a3 35. h6 Kd6 36. Kf5 $18)
27... e5 28. Ke4 Ke6 29. c3 a5 30. a3 h6 31. h3 h5 32. f3 hxg4 33. fxg4 Ke7 34.
Kf5 34... Kf7 $18) 27. Ke4 Ke6 28. g4 28... Kf7 $2 (28... a5 29. b3 cxb3 30.
cxb3 (30. axb3 $143 30... a4 31. bxa4 31... bxa4 $15) 30... b4 31. h4 $18) 29.
f4 (29. Kf5 $142 $18 {les Blancs ont les meilleures chances} 29... h6 30. h4
Kg7 31. b3 cxb3 32. cxb3 b4 33. g5 fxg5 34. hxg5 h5 (34... hxg5 35. Kxg5 Kf7
36. Kf5 $18) 35. Kxe5 h4 36. Kf4 Kg6 37. Kg4 h3 38. Kxh3 Kxg5 39. Kg3 $18)
29... exf4 $14 30. Kxf4 Ke6 31. g5 fxg5+ 32. Kxg5 b4 33. Kh6 a5 34. Kxh7 a4 35.
b3 axb3 36. axb3 36... cxb3 $4 {laisse un gout amer} (36... Kd5 $142 $11 {
etait une bonne chance de sauver la partie} 37. h4 Kd4 38. h5 Kc3 39. h6 Kxc2
40. bxc4 b3 41. Kg7 $11) 37. cxb3 37... Kd5 $18 {
la partie est absolument gagnee par les Blancs, mais ... nulle acceptee.} (
37... Kd5 38. h4 Kd4 39. h5 Kc3 40. h6 Kxb3 41. Kg7 Kc2 42. h7 b3 43. h8=Q b2
44. Qa8 $18 {
la lutte entre la Q blanche et le Pb2 noir tourne a l'avantage des Blancs})
1/2-1/2

[Event "Accession Meyreuil 03/04"]
[Site "?"]
[Date "2004.03.27"]
[Round "9"]
[White "Thomet, Yannick"]
[Black "Derien, Robert"]
[Result "1/2-1/2"]
[WhiteElo "1930"]
[BlackElo "1710"]
[PlyCount "72"]

1. d4 Nf6 2. e3 d6 3. Bd3
e5 4. Nd2 Nc6 5. c3 d5 6. Ne2 Bd6 7. f3 Qe7 (7... O-O 8. O-O Qe7 9. e4 exd4 10.
Ng3 $2 10... dxc3 11. bxc3 Bxg3 12. hxg3 Qc5+ 13. Rf2 Qxc3 14. Nb3 dxe4 15.
fxe4 Rd8 16. Rd2 Bg4 17. Qf1 Nxe4 18. Bxe4 Qe3+ 19. Rf2 Qxe4 20. Bb2 Be6 21.
Nc5 Qb4 22. Nxe6 {Wirfs,C-Sloan,C/Seattle 1994/EXT 99/0-1 (48)}) 8. Qc2 a6 9.
O-O Bd7 10. Ng3 g6 11. b4 b5 12. a4 bxa4 13. b5 (13. Rxa4 $142 {
gardait les Blancs dans la partie} 13... O-O 14. Rxa6 Rxa6 15. Bxa6 exd4 16.
exd4 Bxb4 17. cxb4 Nxb4 18. Qc3 Nxa6 19. Ba3 19... c5 $14) 13... axb5 $17 14.
Bxb5 exd4 15. exd4 15... a3 {15...0-0!? 16.Bxa4 Nd8 17.Nb1 Ne6 -/+} 16. Bxa3
16... Qe3+ {16...Rxa3 17.Rae1 Ne5 18.Bxd7+ Nfxd7 19.f4  f6 = } 17. Kh1 $11 {
#
Avec la menace decisive Rae1} 17... O-O (17... Bxg3 $142 18. hxg3 Nxd4 19.
cxd4 Qh6+ (19... Bxb5 $4 {capturer le fou perd la partie} 20. Rfe1 Rxa3 21.
Rxe3+ Rxe3 22. Ra8+ Kd7 23. Rxh8 $18) (19... Rxa3 $2 {semble attractif, mais}
20. Rae1 Bxb5 21. Rxe3+ Rxe3 22. Rb1 $18) 20. Kg1 Qe3+ (20... Bxb5 {
capturer le fou fait gagner les Blancs} 21. Rfe1+ Kd8 22. Be7+ Kd7 23. Qc5 $18
(23. Bxf6 $6 23... Rxa1 24. Rxa1 Qe3+ 25. Kh2 25... Re8 $18)) 21. Rf2 Rxa3 (
21... Bxb5 $143 22. Qxc7 Qe6 23. Nb3 $18) 22. Rxa3 Qxa3 23. Qxc7 Bxb5 24. Qe5+
Qe7 25. Qb8+ Qd8 26. Qxb5+ 26... Kf8 $11) 18. Rae1 $4 {
>= 18.Bxd6 cxd6 19.Rae1 +/=} 18... Nxd4 $1 $17 19. cxd4 (19. Rxe3 $4 19...
Nxc2 20. Bxd6 cxd6 21. Bxd7 Nxe3 (21... Nxd7 $6 22. Rd3 $17) 22. Re1 Nc2 23.
Rc1 23... Ra2 $19) 19... Qxa3 20. Bd3 $4 {20.Bxd7 Nxd7 21.f4 Rab8 -/+} 20...
Qb4 {>= 20...Ba4 et le reste est une affaire de technique 21.Nb3 Qxb3 22.Qxb3
Bxb3 -+} 21. Ne2 Ra3 22. Rb1 22... Qa5 {22...Ba4 23.Qc1 Qa5 24.Bc2 Re8 -+}
23. Rb2 Ra8 24. Rfb1 Kg7 25. g3 Rxd3 26. Qxd3 Bf5 27. Qc3 Bxb1 28. Qxa5 Rxa5
29. Nxb1 c5 30. dxc5 Rxc5 31. Nd2 Be5 32. Ra2 Bc3 33. Rc2 33... d4 {
33...Bb4 34.Rb2 Bxd2 35.Rxd2 Nd7 -/+} 34. Nb3 $2 {>= 34.Rc1 Nd5 -/+} 34...
Rd5 $4 {laisse le camp adverse revenir dans la partie} (34... d3 $142 {
et les Noirs peuvent prendre le meilleur} 35. Nxc5 dxc2 36. Nb3 Nd5 37. Kg2 Kf6
38. Kf2 Bb2 39. Ke1 Nb4 40. Kd2 Ke5 41. Nf4 $19) 35. Nxc3 $11 35... dxc3 36.
Rxc3 h5 1/2-1/2